| 000 | 01904cam a2200409 a 4500 | ||
|---|---|---|---|
| 999 |
_c26561 _d26561 |
||
| 001 | 614925 | ||
| 005 | 20170204153825.0 | ||
| 008 | 920420s1992 nyua bc 001 0 eng | ||
| 010 | _a 92016158 | ||
| 020 |
_a1878271652 (cloth) : _c$65.00 |
||
| 020 |
_a1878271660 (pbk.) : _c$40.00 |
||
| 050 | 0 | 0 | _aN6831.5 .C8C47 1992 |
| 130 | 0 |
_aČeský kubismus. _lEnglish. |
|
| 245 | 1 | 0 |
_aCzech cubism : _barchitecture, furniture, and decorative arts, 1910-1925 / _cedited by Alexander von Vegesack, with texts by Milena B. Lamarová ... [et al.]. |
| 260 |
_aNew York, N.Y. : _bPrinceton Architectural Press, _cc1992. |
||
| 300 |
_a337 p. : _bill. (some col.) ; _c31 cm. |
||
| 500 | _aTranslation of: Český kubismus. | ||
| 500 | _a"This exhibition was prepared by the Museum of Decorative Arts, Prague, in collaboration with the National Technical Museum, Prague, and the Vitra Design Museum, Weil am Rhein, Germany"--T.p. verso. | ||
| 500 | _aHeld at the Museum of Decorative Arts, Prague, May 16, 1991-June 30, 1991, and other museums. | ||
| 504 | _aIncludes bibliographical references (p. 331-333) and index. | ||
| 650 | 0 |
_aCubism _zCzechoslovakia _vExhibitions. |
|
| 650 | 0 |
_aArt, Czech _y20th century _vExhibitions. |
|
| 700 | 1 | _aVegesack, Alexander von. | |
| 700 | 1 | _aLamarová, Milena. | |
| 710 | 2 | _aUměleckoprůmyslové muzeum v Praze. | |
| 710 | 2 | _aNárodní technické muzeum v Praze. | |
| 710 | 2 | _aVitra Design Museum. | |
| 942 |
_2lcc _cBOOKS |
||